| 000 | 00771cam a2200253 i 4500 | ||
|---|---|---|---|
| 999 |
_c25054 _d25054 |
||
| 001 | 357352 | ||
| 003 | BDDh-ASL | ||
| 005 | 20231015030436.0 | ||
| 008 | 770425s1975 pk b 000 0 eng | ||
| 010 | _a 76938538 | ||
| 020 | _cRs6.50 | ||
| 040 |
_aDLC _cDLC _dDLC _dBDDh-ASL |
||
| 050 | 0 | 0 |
_aBP166.5 _b.M36 |
| 082 | 0 | 0 |
_a297.63 _bMAF |
| 100 | 1 |
_aMaudoodi, Syed Abul ʻAla, _d1903-1979. |
|
| 245 | 1 | 0 |
_aFinality of prophethood / _cS. Abul Aʻla Maududi. |
| 250 | _a1st ed. | ||
| 260 |
_aLahore : _bIslamic Publications, _c1975. |
||
| 300 |
_aviii, 71 p. : _bmaps ; _c18 cm. |
||
| 600 | 0 | 0 |
_aMuḥammad, _cProphet, _d-632 _xProphetic office. |
| 650 | 0 |
_aAhmadiyya _xControversial literature. |
|
| 906 |
_a7 _bcbc _corignew _d4 _encip _f19 _gy-gencatlg |
||
| 942 |
_2ddc _cBK |
||